Central Library OPAC University of Rajshahi

Logistics engineering and management / (Record no. 81626)

MARC details
000 -LEADER
fixed length control field 00835nam a2200277uu 4500
001 - CONTROL NUMBER
control field 81626
003 - CONTROL NUMBER IDENTIFIER
rucl marc code BD-RjUL
005 - DATE AND TIME OF LATEST TRANSACTION
control field 20230801152444.0
008 - FIXED-LENGTH DATA ELEMENTS--GENERAL INFORMATION
fixed length control field 230801r20152013ii |||||||||||||||||eng||
020 ## - INTERNATIONAL STANDARD BOOK NUMBER
International Standard Book Number 9789332549753
035 ## - SYSTEM CONTROL NUMBER
System control number (BD-RjUL)81626
040 ## - CATALOGING SOURCE
Original cataloging agency AFK
Language of cataloging eng
Transcribing agency BD-RjUL
041 0# - LANGUAGE CODE
Language code of text/sound track or separate title eng
082 0# - DEWEY DECIMAL CLASSIFICATION NUMBER
Edition number 23
Classification number ‭658.5‬
Author mark and year BLL 2015
100 1# - MAIN ENTRY--PERSONAL NAME
Personal name Blanchard, Benjamin S.
9 (RLIN) 8185
245 10 - TITLE STATEMENT
Title Logistics engineering and management /
Statement of responsibility, etc. Benjamin S. Blanchard.
250 ## - EDITION STATEMENT
Edition statement 6th ed.
260 ## - PUBLICATION, DISTRIBUTION, ETC. (IMPRINT)
Place of publication, distribution, etc. Nodia, India :
Name of publisher, distributor, etc. Pearson Education,
Date of publication, distribution, etc. c2015.
300 ## - PHYSICAL DESCRIPTION
Pagination xiii, 546 p. :
Illustrations ill. ;
Size 23 cm.
490 0# - SERIES STATEMENT
Series statement Always learning
500 ## - GENERAL NOTE
General note Includes appendices, bibliographical references and index.
650 #4 - SUBJECT ADDED ENTRY--TOPICAL TERM
Topical term or geographic name as entry element Logistics
9 (RLIN) 8186
Topical term or geographic name as entry element Systems engineering
9 (RLIN) 8187
Topical term or geographic name as entry element Production management
9 (RLIN) 7720
942 ## - ADDED ENTRY ELEMENTS (KOHA)
Source of classification or shelving scheme Dewey Decimal Classification
Koha item type Books
Holdings
Lost status Source of classification or shelving scheme Damaged status Not for loan Collection code Permanent Location Current Location Shelving location Date acquired Source of acquisition Cost, normal purchase price Total Checkouts Full call number Date last seen Copy number Koha item type
  Dewey Decimal Classification   Not For Loan Non-fiction Central Library, University of Rajshahi Central Library, University of Rajshahi Reading Room 22/05/2023 Dhaka: Omni Concept 773.75   ‭658.5‬ BLL 2015 01/08/2023 C-1 Books
  Dewey Decimal Classification     Non-fiction Central Library, University of Rajshahi Central Library, University of Rajshahi General Stacks 22/05/2023 Dhaka: Omni Concept 773.75   ‭658.5‬ BLL 2015 02/08/2023 C-2 Books
  Dewey Decimal Classification     Non-fiction Central Library, University of Rajshahi Central Library, University of Rajshahi General Stacks 22/05/2023 Dhaka: Omni Concept 773.75   ‭658.5‬ BLL 2015 03/08/2023 C-3 Books